Myles textbook for Midwives; (Record no. 2570)

MARC details
000 -LEADER
fixed length control field 00580nam a22002177a 4500
003 - CONTROL NUMBER IDENTIFIER
control field OSt
005 - DATE AND TIME OF LATEST TRANSACTION
control field 20151113153831.0
008 - FIXED-LENGTH DATA ELEMENTS--GENERAL INFORMATION
fixed length control field 151113b xxu||||| |||| 00| 0 eng d
020 ## - INTERNATIONAL STANDARD BOOK NUMBER
International Standard Book Number 0443072345
040 ## - CATALOGING SOURCE
Transcribing agency DLMN.
082 ## - DEWEY DECIMAL CLASSIFICATION NUMBER
Classification number WY100 M996d.2003
100 ## - MAIN ENTRY--PERSONAL NAME
Personal name Edited by Fraser M.Diane;Cooper A.Margaret;
9 (RLIN) 6163
245 ## - TITLE STATEMENT
Title Myles textbook for Midwives;
250 ## - EDITION STATEMENT
Edition statement 14th ed
260 ## - PUBLICATION, DISTRIBUTION, ETC. (IMPRINT)
Place of publication, distribution, etc. London;
Name of publisher, distributor, etc. Churchill Livingstone,
Date of publication, distribution, etc. 2003.
300 ## - PHYSICAL DESCRIPTION
Extent xiv,1089p;
Other physical details Col,ill:
Dimensions 38cm.
504 ## - BIBLIOGRAPHY, ETC. NOTE
Bibliography, etc includes index.
600 ## - SUBJECT ADDED ENTRY--PERSONAL NAME
Personal name
9 (RLIN) 6164
650 ## - SUBJECT ADDED ENTRY--TOPICAL TERM
Topical term or geographic name as entry element Midwifery.
9 (RLIN) 481
942 ## - ADDED ENTRY ELEMENTS (KOHA)
Source of classification or shelving scheme Other/Generic Classification Scheme
Koha item type Short Loan
Holdings
Withdrawn status Lost status Source of classification or shelving scheme Damaged status Not for loan Home library Current library Date acquired Source of acquisition Inventory number Total Checkouts Full call number Barcode Date last seen Price effective from Koha item type
    Other/Generic Classification Scheme     MUST Main Library MUST Main Library 13/11/2015   07/28540   WY100 M996d.2003 2015-2626 13/11/2015 13/11/2015 Short Loan